000 00632nam a2200193 i 4500
001 26887
003 ES-MaACL
005 20230906153523.0
007 t|
008 030110s1970 sp ||||1| spa d
245 0 3 _aEl autoritarismo en la escuela /
_cAlberto Alberti ... [et al.] ; introducción de Mario Alighiero-Manacorda ; [traducido por Prudenci Comes].
250 _a[1ª ed.].
260 _aBarcelona :
_b[s.n.,
_c1970]
300 _a322 p. ;
_c19 cm.
700 1 _aComes, Prudenci.
_939997
700 1 _aAlberti, Alberto.
_919335
700 1 _aAlighiero-Manacorda, Mario.
_919934
852 _aES-MaACL
_jC-47648
_bR.74880
999 _c26887
_d26887